000 00505nam a22001937a 4500
003 OSt
005 20160728102956.0
008 140425b xxu||||| |||| 00| 0 eng d
020 _a9781423112891
050 _aPZ 7
_b.N17453Its 2008
100 _aNathan, Sarah.
245 _aIt's all relative! /
_cSarah Nathan.
250 _a1st ed.
260 _aNew York :
_bDisney Press,
_cc2008.
300 _a117 p. ;
_c20 cm.
440 _aWizards of waverly place
_n#1
942 _2lcc
_cBK
999 _c115487
_d115487